| 000 | 02713nam a2200289 i 4500 | ||
|---|---|---|---|
| 005 | 20250405174607.0 | ||
| 007 | ta | ||
| 008 | 190415s2024 000 0 eng d | ||
| 040 |
_aCO-CtgCURN _bspa _ccoctgcurn _erda |
||
| 082 | 0 |
_aAPH 2024 _bO397 |
|
| 100 | 1 |
_aOjeda Valverde, Joey Mara, _eauthor. _4aut |
|
| 245 | 1 | 0 |
_aBeneficios que aporta la ley 1523 de 2012 sobre la gestión de riesgos y desastres en la población colombiana una revisión de la literatura / _cJoey María Ojeda Valverde; Melida Yohana Gonzalez Jaimes; asesoras Deisy León Méndez; Viviana Herreran Villalba. |
| 260 |
_aCartagena de Indias : _bCorporación Universitaria Rafael Núñez, _c2024. |
||
| 300 | _a50 hojas. | ||
| 336 |
_atext _btxt _2rdacontent |
||
| 337 |
_aunmediated _bn _2rdamedia |
||
| 338 |
_avolume _bnc _2rdacarrier |
||
| 504 | _aTrabajo de grado (Tecnologo en Atencion Prehospitalaria). Corporación Universitaria Rafael Nuñez. Facultad de Ciencias de la Salud. Tecnologia en Atencion Prehospitalaria, 2024. | ||
| 520 | _a"Este estudio analiza el impacto del nivel de formación en reanimación cardiopulmonar (RCP) en la comunidad del barrio Olaya Herrera, sector El Tancon, en Cartagena de Indias. La RCP, técnica vital en emergencias cardiovasculares, depende del conocimiento y habilidad de los aplicantes. El objetivo fue determinar cmo la formación en RCP influye en la capacidad de respuesta y los resultados en estas situaciones. Se realizó un estudio observacional de corte transversal con 100 participantes, recolectando datos mediante cuestionarios y analizándolos en Microsoft Excel, cumpliendo estándares éticos. Los resultados indican que el 61.4% nunca recibió capacitación en RCP, aunque el 91.1% considera esencial que la comunidad sea entrenada, y el 76.2% expresó interés en formarse. La limitada formación evidencia una brecha en la preparación comunitaria ante emergencias. Se concluye que es fundamental implementar programas educativos accesibles y fomentar la confianza para mejorar la disposición a realizar RCP. La colaboración entre autoridades locales y organizaciones es clave para fortalecer la respuesta ante emergencias y reducir la mortalidad cardiovascular" | ||
| 650 | 1 | 4 |
_aAtención prehospitalaria _vTesis y disertaciones academicas. |
| 700 | 1 | _aGonzalez Jaimes, Melida Yohana. | |
| 700 | 1 |
_aLeón Méndez, Deisy, _easesor. |
|
| 700 | 1 |
_aHerreran Villalba, Viviana, _easesor. |
|
| 856 |
_uhttps://unicurn.sharepoint.com/:b:/s/biblioteca/EaryoKEePixNiiZe8q2K30sBUyF0_Rv--BLrLHEqHsIz3w?e=zM7bb6 _zClick aqui para ver el recurso en texto completo |
||
| 942 |
_2ddc _cTG _hAPH 2024 _iS582 |
||
| 999 |
_c29500 _d29500 |
||